| 000 | 00000nam##2200000za#4500 |
| 001 | 9.615642 |
| 003 | CaOODSP |
| 005 | 20210615101223 |
| 007 | ta |
| 008 | 150406|1999||||xxc||||| f|0| 0 eng|d |
| 020 | |a0-662-30683-X |
| 040 | |aCaOODSP|beng |
| 043 | |an-cn--- |
| 086 | 1 |aNH18-24/12E |
| 110 | 2 |aCanada Mortgage and Housing Corporation. |
| 245 | 10|aHelping your trees survive storm damage |
| 260 | |aOttawa - Ontario : |bCanada Mortgage and Housing Corporation |c1999. |
| 300 | |a4p. : |billus. ; |c28 cm. |
| 490 | 1 |aAbout your house |vCE12 |
| 563 | |aPamphlet |
| 590 | |a01-22|b2001-06-01 |
| 690 | 07|aTrees|2gcpds |
| 690 | 07|aStorms|2gcpds |
| 775 | 08|tSoins à donner aux arbres endommagés par une tempête |w(CaOODSP)9.625691 |
| 776 | 0#|tHelping your trees survive storm damage |w(CaOODSP)9.571784 |
| 830 | #0|aAbout your house ;|vCE12|w(CaOODSP)9.514828 |